खेतडी़ नरेश और विवेकानंद / (Record no. 89936)
[ view plain ]
| 000 -LEADER | |
|---|---|
| fixed length control field | 01259nam a22002537a 4500 |
| 005 - DATE AND TIME OF LATEST TRANSACTION | |
| control field | 20180402110838.0 |
| 008 - FIXED-LENGTH DATA ELEMENTS--GENERAL INFORMATION | |
| fixed length control field | 140804b xxu||||| |||| 00| 0 hin d |
| 010 ## - LCCN (DPL NO) | |
| LC control number | HIN-104084 B-690080-081 बलिदानी |
| 020 ## - INTERNATIONAL STANDARD BOOK NUMBER | |
| Terms of availability | 150.00 |
| International Standard Book Number | 9788177211801 |
| 020 ## - INTERNATIONAL STANDARD BOOK NUMBER | |
| Terms of availability | 200.00 बलिदानी |
| International Standard Book Number | 9788177211801 |
| 035 ## - SYSTEM CONTROL NUMBER | |
| System control number | HN-76430 |
| 035 ## - SYSTEM CONTROL NUMBER | |
| System control number | B-690080-081 |
| 037 ## - SOURCE OF ACQUISITION | |
| Source of stock number/acquisition | DBAD / PUB |
| 037 ## - SOURCE OF ACQUISITION | |
| Source of stock number/acquisition | प्रभात |
| 040 ## - CATALOGING SOURCE | |
| Original cataloging agency | DPL |
| Language of cataloging | HN |
| 082 ## - DEWEY DECIMAL CLASSIFICATION NUMBER | |
| Classification number | 181.46 |
| 100 ## - MAIN ENTRY--PERSONAL NAME | |
| Personal name | शर्मा,झाबरमल्ल |
| 245 ## - TITLE STATEMENT | |
| Title | खेतडी़ नरेश और विवेकानंद / |
| Statement of responsibility, etc | झाबरमल्ल शर्मा |
| 260 ## - PUBLICATION, DISTRIBUTION, ETC. (IMPRINT) | |
| Place of publication, distribution, etc | दिल्ली |
| Name of publisher, distributor, etc | सत्साहित्य प्रकाशन |
| Date of publication, distribution, etc | 2013 |
| -- | 2017 बलिदानी |
| 270 ## - ADDRESS | |
| Address | 205-बी,चावडी़ बाजार |
| City | दिल्ली |
| Postal code | 110006 |
| 300 ## - PHYSICAL DESCRIPTION | |
| Extent | 119पृ |
| Dimensions | 22सेमी (सजिल्द) |
| 942 ## - ADDED ENTRY ELEMENTS (KOHA) | |
| Source of classification or shelving scheme | Dewey Decimal Classification |
| Item type | Hindi Books |
| Call number suffix | शर्माझा |
| Classification part | 181.46 |
| Withdrawn status | Lost status | Source of classification or shelving scheme | Damaged status | Not for loan | Collection code | Home library | Current library | Date acquired | Source of acquisition | Cost, normal purchase price | Total Checkouts | Full call number | Barcode | Date last seen | Copy number | Cost, replacement price | Koha item type |
|---|---|---|---|---|---|---|---|---|---|---|---|---|---|---|---|---|---|
| Dewey Decimal Classification | Non-fiction | Central Library | Central Library | 02/04/2018 | प्रभात प्रकाशन PP/BL-5305/05.03.18/832/20.02.18/05.03.18 | 200.00 | 181.46 शर्माझा | B-690080 | 02/04/2018 | 1 | 200.00 | Hindi Books | |||||
| Dewey Decimal Classification | Not For Loan | Non-fiction | D.B.Act.Division | D.B.Act.Division | 11/11/2014 | DBAD/PUB | 150.00 | 181.46 शर्माझा | HN-76430 | 11/11/2014 | 1 | 150.00 | Hindi Books | ||||
| Dewey Decimal Classification | Non-fiction | Sarojini Nagar | Sarojini Nagar | 02/04/2018 | प्रभात प्रकाशन PP/BL-5305/05.03.18/832/20.02.18/05.03.18 | 200.00 | 181.46 शर्माझा | B-690081 | 02/04/2018 | 1 | 200.00 | Hindi Books |
